000 00731nam a2200217 i 4500
001 65445
003 ES-MaACL
005 20250804062559.0
007 t|
008 040113s1974 sp ||||1| spa d
100 1 _aFreud, Sigmund,
_d1856-1939
_952547
245 1 3 _aLa interpretación de los sueños /
_cSigmund Freud ; [traductor, Luis López-Ballesteros y de torres].
250 _a[7ª ed.].
260 _aMadrid :
_bAlianza,
_c[1974]
300 _a3 v. ;
_c18 cm.
490 1 _aEl libro de bolsillo. Sección humanidades
700 1 _aLópez-Ballesteros y de Torres, Luis.
_973432
830 0 3 _aEl libro de bolsillo.
_pHumanidades
_9178672
852 _aES-MaACL
_jA-8135-7
_bR.90906
999 _c65445
_d65445